| 000 | 00839nam a22002417a 4500 | ||
|---|---|---|---|
| 003 | OSt | ||
| 005 | 20260204115638.0 | ||
| 008 | 260204b |||||||| |||| 00| 0 eng d | ||
| 020 | _a9781032897608 | ||
| 040 |
_aEASL _beng _cEASL |
||
| 041 |
_aeng _2eng |
||
| 084 |
_aP,3,W:v.41 R5 _qEASL |
||
| 100 |
_aDu, Lijuan _91113593 |
||
| 245 |
_aChinese Political Discourse in Translation : _bA Corpus-based Critical Discourse Analysis / |
||
| 260 |
_aLondon : _bRoutledge , _c2025 . |
||
| 300 | _axiii, 193p. | ||
| 490 | _3Routledge Advances in Translation and Interpreting Studies | ||
| 650 |
_aChinese English Language _91113594 |
||
| 651 |
_aTranslating and interpreting-Political aspects-China. _91113595 |
||
| 700 |
_aDu, Lijuan _91113593 |
||
| 942 |
_2CC _n0 _cTEXL _hP,3,W:v.41 R5 |
||
| 999 |
_c1678624 _d1678624 |
||